Представление документа в формате RUSMARC

Поле Инд. ПП Название Значение
Тип записи a
Библиографический уровень a
001 Контрольный номер 7459305b882945a3be326f960a0c75d1
005 Дата корректировки 20181120134001.2
100 a Данные общей обработки 20180918 ||| 0rusy0189 ca
101 0_ a Язык текста rus
102 a Страна публикации RU
200 1_ f Первые сведения об ответственности С.А. Авакьян
a Заглавие Основные тенденции современного развития конституционного права
b Общее обозначение материала Текст
210 d Дата издания 2017
461 _0 1 2000
a Конституционное и муниципальное право
463 _0 1 2000
a №4
v С. 3-7
1 2101
d 2017
1 001f310fb67973342d291da024a229e2c66
606 a Основная рубрика Конституционное (государственное) право
610 0_ a Ключевые слова ТЕОРИЯ ПРАВА
a Ключевые слова КОНСТИТУЦИОННОЕ ПРАВО
a Ключевые слова ОБЩЕСТВО
a Ключевые слова ГОСУДАРСТВО
a Ключевые слова ДЕМОКРАТИЯ
700 _1 a Фамилия Авакьян
b Имя С.А.
801 _0 a Страна RU
b Организация РГУП
c Дата составления 20180918
g Правила каталогизации PSBO
801 _1 a Страна RU
b Организация РГУП
c Дата составления 20180918
g Правила каталогизации PSBO
901 t Тип документа b
w Контрольный № источника f310fb67973342d291da024a229e2c66
905 a Дата ввода 20180918